Trees of the world (Record no. 7818)
[ view plain ]
| 000 -LEADER | |
|---|---|
| fixed length control field | 00348nam a22001577a 4500 |
| 003 - CONTROL NUMBER IDENTIFIER | |
| control field | OSt |
| 005 - DATE AND TIME OF LATEST TRANSACTION | |
| control field | 20200522124704.0 |
| 008 - FIXED-LENGTH DATA ELEMENTS--GENERAL INFORMATION | |
| fixed length control field | 200522b ||||| |||| 00| 0 eng d |
| 020 ## - INTERNATIONAL STANDARD BOOK NUMBER | |
| International Standard Book Number | 9780753713471 |
| 082 ## - DEWEY DECIMAL CLASSIFICATION NUMBER | |
| Classification number | 582.16MAT |
| 100 ## - MAIN ENTRY--PERSONAL NAME | |
| Personal name | Matthews, Graeme |
| 245 ## - TITLE STATEMENT | |
| Title | Trees of the world |
| 250 ## - EDITION STATEMENT | |
| Edition statement | 1st ed. |
| 260 ## - PUBLICATION, DISTRIBUTION, ETC. (IMPRINT) | |
| Name of publisher, distributor, etc | Bounty Books |
| 942 ## - ADDED ENTRY ELEMENTS (KOHA) | |
| Source of classification or shelving scheme | |
| Withdrawn status | Lost status | Source of classification or shelving scheme | Damaged status | Koha normalized classification for sorting | Not for loan | Permanent location | Current location | Date acquired | Total Checkouts | Full call number | Barcode | Date last seen | Date last borrowed | Price effective from | Koha item type |
|---|---|---|---|---|---|---|---|---|---|---|---|---|---|---|---|
| 582_000000000000000_16MAT | BMS College of Architecture, Design and Planning | BMS College of Architecture, Design and Planning | 2020-05-22 | 1 | 582.16MAT | AR-RD107 | 2022-07-27 | 2022-07-26 | 2020-05-22 | R&D Books |